[Event "2nd Polugaevsky Mem"]
[Site "Samara RUS"]
[Date "2012.07.11"]
[Round "7.8"]
[White "Khismatullin,D"]
[Black "Iskusnyh,S"]
[Result "1/2-1/2"]
[WhiteElo "2664"]
[BlackElo "2478"]

1.c4 c6 2.d4 d5 3.Nc3 Nf6 4.e3 e6 5.Nf3 a6 6.c5 Nbd7 7.b4 b6 8.Bb2 Be7 9.Bd3 O-O
10.O-O a5 11.a3 Ba6 12.Bxa6 Rxa6 13.b5 Ra8 14.bxc6 Nb8 15.Ne5 bxc5 16.dxc5 Qc8
17.Na4 Qc7 18.Ng4 Nxc6 19.Nxf6+ Bxf6 20.Bxf6 gxf6 21.Rb1 f5 22.Rb6 Rac8 23.Qh5 Qe5
24.Rfb1 Rc7 25.h3 Qf6 26.Qf3 Qe5 27.Nb2 Kh8 28.Nd3 Qe4 29.Qe2 d4 30.Nf4 dxe3
31.fxe3 Qe5 32.Nd3 Qc3 33.R1b3 Qg7 34.Rb7 Rxb7 35.Rxb7 Rd8 36.Rc7 Ne5 37.Nxe5 Qxe5
38.Rxf7 Rb8 39.c6 Rb1+ 40.Kf2 Rb2 41.c7 Rxe2+ 42.Kxe2 Qb5+ 43.Kf2 Qe8 44.Re7 Qc6
45.g4 Kg8 46.g5 e5 47.h4 f4 48.exf4 exf4 49.h5 Qc5+ 50.Kf1 Qc6 51.Kf2 a4
52.h6 Qc5+ 53.Kf1 Qc1+ 54.Kf2 Qc5+ 55.Kf1 Qc1+  1/2-1/2

[Event "2nd Polugaevsky Mem"]
[Site "Samara RUS"]
[Date "2012.07.11"]
[Round "7.5"]
[White "Predke,A"]
[Black "Frolyanov,D"]
[Result "1-0"]
[WhiteElo "2464"]
[BlackElo "2564"]

1.d4 d5 2.c4 e6 3.Nc3 c6 4.e3 Nf6 5.Nf3 Nbd7 6.Qc2 Bd6 7.Bd3 O-O 8.O-O dxc4
9.Bxc4 a6 10.Rd1 b5 11.Bd3 Qc7 12.Bd2 c5 13.Ne4 c4 14.Nxd6 Qxd6 15.Be2 Bb7
16.b3 Rac8 17.Qb2 Ng4 18.h3 Bxf3 19.Bxf3 Qh2+ 20.Kf1 Ngf6 21.Bb4 Rfe8 22.Qa3 cxb3
23.Bd6 e5 24.Qxb3 Rc4 25.Ke2 Rec8 26.Bb7 Rc2+ 27.Rd2 Rxd2+ 28.Kxd2 Re8 29.Ke2 Re6
30.Bc7 g5 31.Rc1 Ne8 32.Qb1 Nxc7 33.Rxc7 Nf6 34.Qf5 exd4 35.Rc8+ Ne8 36.Bd5 d3+
37.Kd2 Qe5 38.Bxe6 Qb2+ 39.Kxd3  1-0

[Event "ch-NOR 2012"]
[Site "Sandefjord NOR"]
[Date "2012.07.11"]
[Round "6.9"]
[White "Forsaa,E"]
[Black "Moen,A"]
[Result "1-0"]
[WhiteElo "2307"]
[BlackElo "2392"]

1.c4 c6 2.Nf3 d5 3.d4 Nf6 4.Nc3 e6 5.e3 Nbd7 6.Bd3 dxc4 7.Bxc4 b5 8.Bd3 Bd6
9.O-O O-O 10.h3 Bb7 11.e4 e5 12.Bg5 Re8 13.dxe5 Nxe5 14.Nxe5 Bxe5 15.Qc2 a6
16.f4 Bd4+ 17.Kh1 h6 18.Bh4 Qb6 19.e5 Bxc3 20.Bxf6 Bd4 21.Qe2 gxf6 22.Qh5 f5
23.Rf3 c5 24.Rg3+ Kf8 25.Bxf5 Bd5 26.Re1 Ra7 27.Qg4 Bf2 28.Qg7+ Ke7 29.Rg6 Qxg6
30.Bxg6 Bxe1 31.Qf6+ Kf8 32.Bf5 Be6 33.Qxh6+ Ke7 34.Bxe6 Kd8 35.Bf5  1-0

[Event "Int Open ch-SVK 2012"]
[Site "Banska Stiavnica SVK"]
[Date "2012.07.12"]
[Round "6.17"]
[White "Jancovic,P"]
[Black "Borosova,Z"]
[Result "1/2-1/2"]
[WhiteElo "2151"]
[BlackElo "2291"]

1.d4 d5 2.Nf3 Nf6 3.c4 c6 4.Nc3 e6 5.e3 Nbd7 6.Bd3 b6 7.O-O Bb7 8.cxd5 cxd5
9.Bd2 a6 10.Qe2 Bd6 11.Rfc1 O-O 12.e4 dxe4 13.Nxe4 Nxe4 14.Bxe4 Bxe4 15.Qxe4 Nf6
16.Qb7 Nd5 17.Rc6 Ne7 18.Rc2 Nd5 19.Rac1 Re8 20.Bg5 f6 21.Bd2 Re7 22.Qc6 Rc7
23.Qa4 Qd7 24.Qb3 Rac8 25.h4 Rxc2 26.Rxc2 Rxc2 27.Qxc2 Bf8 28.Qe4 a5 29.a3 Ne7
30.h5 Qd5 31.Qe2 Nc6 32.g4 Be7 33.a4 Bd6 34.Qe3 Kf7 35.Bc3 Ne7 36.Qd3 Kg8
37.Qe3 g5 38.Ne1 Bc7 39.Qf3 Qxf3 40.Nxf3 Nd5 41.Kf1 Kf7 42.Ke2 h6 43.Ne1 f5
44.f3 Nf6 45.d5 fxg4 46.dxe6+ Kxe6 47.fxg4 Nxg4 48.Nc2 Nf6 49.Nd4+ Kf7 50.Nf5 Nxh5
51.Nxh6+ Ke6 52.Kf3 Nf6 53.Bd2 Nd7 54.Bxg5 Nc5 55.Bd2 Nb3 56.Be3 Kd5 57.Nf5 Kc4
58.Ne7 Nc5 59.Bxc5 Kxc5 60.Ke4 Bg3 61.Kd3 Bh4 62.Nf5 Bf2 63.b3 Kd5 64.Ne3+ Kc5  1/2-1/2

[Event "Turkish Bank Chess League 2012"]
[Site "Konya TUR"]
[Date "2012.07.12"]
[Round "2"]
[White "Sengul,C"]
[Black "Secer,A"]
[Result "0-1"]
[WhiteElo "2194"]
[BlackElo "2319"]

1.Nf3 d5 2.d4 Nf6 3.c4 c6 4.e3 e6 5.Nc3 Nbd7 6.Qc2 a6 7.b3 Bd6 8.Be2 O-O
9.O-O dxc4 10.Bxc4 b5 11.Bd3 Bb7 12.Ne4 Nxe4 13.Bxe4 f5 14.Bd3 c5 15.e4 cxd4
16.Bg5 Qe8 17.Qe2 e5 18.Nh4 fxe4 19.Bxe4 Bxe4 20.Qxe4 Nc5 21.Qg4 Qe6 22.Qh5 e4
23.f4 g6 24.Qh6 e3 25.f5 gxf5 26.Nxf5 Qxh6 27.Bxh6 e2 28.Rf3 Rxf5 29.Rxf5 Re8
30.Bd2 Nd3 31.Be1 Nxe1 32.Rxe1 d3 33.Kf2 Bb4 34.Rg5+ Kh8 35.Rd5 Rf8+ 36.Ke3 Bxe1
37.Kxd3 Re8  0-1

[Event "14th Saint-Lo Festival IM"]
[Site "Saint-Lo FRA"]
[Date "2012.07.12"]
[Round "7"]
[White "Cotonnec,M"]
[Black "Bernotas,A"]
[Result "0-1"]
[WhiteElo "2389"]
[BlackElo "2261"]

1.d4 d5 2.Nf3 Nf6 3.e3 c6 4.c4 e6 5.Nc3 Nbd7 6.Bd3 dxc4 7.Bxc4 b5 8.Be2 Bb7
9.e4 b4 10.e5 bxc3 11.exf6 Nxf6 12.bxc3 Bd6 13.Rb1 Qc7 14.Qb3 Rb8 15.Ba3 O-O
16.Bxd6 Qxd6 17.O-O c5 18.Qa3 Ne4 19.Rfd1 cxd4 20.Qxd6 Nxd6 21.Nxd4 Bd5 22.Nb3 Rfc8
23.Rbc1 Kf8 24.Rd4 Bxb3 25.axb3 Nf5 26.Rd7 Rxb3 27.c4 Rb2 28.Kf1 a5 29.c5 Ke8
30.Ra7 Nd4 31.Bd1 Ra2 32.Rc4 Nc6 33.Ra6 Ke7 34.Ra4 Rb2 35.Bf3 Ne5 36.Ra7+ Kf6
37.R7xa5 Nd3 38.Ra2 Rb1+ 39.Bd1 Nxc5 40.Ke2 Ne4 41.Bc2 Nc3+ 42.Kf3 Rb4 43.Ra1 Nb5
44.Bd1 Nd4+ 45.Ke3 Rd8 46.R1a4 Rxa4 47.Bxa4 Nf5+ 48.Ke2 Rb8 49.g4 Rb2+ 50.Kf1 Nd6
51.Bc6 g5 52.h4 h6 53.hxg5+ hxg5 54.Ra4 Rc2 55.Be4 Rc4 56.Rxc4 Nxc4 57.Kg2 Ke5
58.Bd3 Nb2 59.Bh7 f6 60.Kf3 Kd4 61.Bg8 e5 62.Bh7 Nc4 63.Bg6 e4+ 64.Ke2 Ne5
65.Bf5 Nd3 66.Bh7 Nf4+ 67.Kd2 Nd5 68.Ke2 Ne7 69.Kd2 Nc6 70.Ke2 Nb4 71.Kd2 Nd5
72.Ke2 Ke5 73.f3 Kf4 74.fxe4 Ne3 75.Kd3 Nxg4 76.Bf5 Nf2+ 77.Kd4 g4 78.Bxg4 Nxg4
79.Kd5 Ke3 80.e5 fxe5  0-1

[Event "Werner-Ott-Open 2012"]
[Site "Berlin GER"]
[Date "2012.07.13"]
[Round "7.9"]
[White "Johansson,G1"]
[Black "Schulz,Har"]
[Result "1/2-1/2"]
[WhiteElo "2225"]
[BlackElo "2090"]

1.d4 d5 2.c4 c6 3.Nc3 Nf6 4.e3 e6 5.Nf3 Nbd7 6.Bd3 Be7 7.O-O O-O 8.Qe2 Qc7
9.e4 dxe4 10.Nxe4 Nxe4 11.Qxe4 Nf6 12.Qh4 Qd8 13.Re1 g6 14.Bg5 Re8 15.Rad1 Nd7
16.Bc2 Nf8 17.Bxe7 Qxe7 18.Qe4 Qf6 19.Re3 Rd8 20.Rb3 Qg7 21.Qf4 f6 22.h4 b6
23.Rbd3 Ba6 24.b3 Rd7 25.Nh2 Rad8 26.Ng4 f5 27.Ne5 Rd6 28.Qe3 Qf6 29.Nf3 Bb7
30.b4 c5 31.bxc5 bxc5 32.dxc5 Rxd3 33.Rxd3 Rxd3 34.Bxd3 Bxf3 35.Qxf3 Qa1+
36.Kh2 Qe5+ 37.g3 Qxc5 38.Qe3 Qxe3 39.fxe3 Nd7 40.Kg2  1/2-1/2

[Event "FSGM July 2012"]
[Site "Budapest HUN"]
[Date "2012.07.13"]
[Round "6.1"]
[White "Ilincic,Z"]
[Black "Balazs,G2"]
[Result "1-0"]
[WhiteElo "2441"]
[BlackElo "2430"]

1.d4 d5 2.c4 c6 3.Nf3 Nf6 4.e3 e6 5.Nc3 Nbd7 6.Qc2 Bd6 7.Bd2 O-O 8.O-O-O Qe7
9.Kb1 b5 10.cxb5 c5 11.e4 dxe4 12.Nxe4 Nxe4 13.Qxe4 Rb8 14.Bg5 f6 15.Bd3 g6
16.Bh6 Re8 17.d5 Nb6 18.dxe6 Bxe6 19.Ka1 Qf7 20.Qc6 Be7 21.Bb1 Nd5 22.Rhe1 Rb6
23.Rxe6 Rxc6 24.Rxc6 Bf8 25.Bxf8 Kxf8 26.a3 c4 27.Nd4 Nb6 28.f4 Kg7 29.g4 Rc8
30.Ne6+ Kh6 31.Rcd6 Qb7 32.Rg1 Qf3 33.Rg3 Qf1 34.Rd1  1-0

[Event "ch-SUI Hauptturnier 1 2012"]
[Site "Flims SUI"]
[Date "2012.07.13"]
[Round "2"]
[White "Burnier,D"]
[Black "Vilaseca,L"]
[Result "1-0"]
[WhiteElo "2315"]
[BlackElo "2108"]

1.d4 d5 2.c4 c6 3.Nc3 Nf6 4.e3 e6 5.Nf3 Nbd7 6.Qc2 Bd6 7.g4 h6 8.Rg1 a6 9.h4 Nf8
10.g5 hxg5 11.hxg5 N6d7 12.e4 dxc4 13.e5 Be7 14.g6 Nxg6 15.Rxg6 fxg6 16.Qxg6+ Kf8
17.Ne4 Qe8 18.Qg3 Nb6 19.Nd6 Qh5 20.Bg5 Bxg5 21.Nxg5 Rh6 22.Ndf7 Rg6 23.Kd2 Bd7
24.Be2 Rxg5 25.Nxg5 Qg6 26.Rh1 Ke7 27.Qa3+ Kd8 28.Rh8+ Be8 29.Qd6+  1-0

[Event "11th La Fere Open"]
[Site "La Fere FRA"]
[Date "2012.07.13"]
[Round "8.5"]
[White "Mancini,M"]
[Black "Jimenez,Mart"]
[Result "1-0"]
[WhiteElo "2282"]
[BlackElo "1953"]

1.d4 d5 2.c4 c6 3.e3 Nf6 4.Nc3 e6 5.Nf3 Bd6 6.Bd3 Nbd7 7.O-O dxc4 8.Bxc4 b5
9.Bd3 a6 10.e4 e5 11.Bg5 O-O 12.dxe5 Nxe5 13.Nxe5 Bxe5 14.f4 Qb6+ 15.Kh1 Bxc3
16.bxc3 c5 17.e5 Nd5 18.Bxh7+ Kxh7 19.Qxd5 Bb7 20.Qd3+ Kg8 21.Qg3 Qg6 22.f5 Qh5
23.Rad1 c4 24.Rd4 Rfe8 25.Bf6 g6 26.Rh4  1-0

[Event "34th Oberwart Open A"]
[Site "Oberwart AUT"]
[Date "2012.07.13"]
[Round "7.5"]
[White "Kovacs,Ga2"]
[Black "Schachinger,M"]
[Result "1/2-1/2"]
[WhiteElo "2467"]
[BlackElo "2382"]

1.c4 c6 2.Nc3 d5 3.e3 Nf6 4.Nf3 e6 5.d4 Nbd7 6.Qc2 Bd6 7.b3 O-O 8.Be2 b6
9.O-O Bb7 10.Bb2 Qe7 11.Rfe1 Rfe8 12.Rad1 Rad8 13.Bf1 c5 14.cxd5 exd5 15.dxc5 Nxc5
16.Nb5 Bb8 17.Rc1 Rc8 18.Qf5 a6 19.Bxf6 Qxf6 20.Qxf6 gxf6 21.Nbd4 Ne4 22.Nf5 Kf8
23.N3d4 Nd6 24.Bd3 Ne4 25.f3 Nc5 26.Bf1 Ne6 27.Kf2 Be5 28.Bd3 Nxd4 29.Nxd4 Bxd4
30.exd4 Rxe1 31.Rxc8+ Bxc8 32.Kxe1 h6 33.Kf2 Ke7 34.Kg3 f5 35.Kf4 Kf6 36.b4 a5
37.bxa5 bxa5 38.Bb5 Ke6 39.Ba4 Kf6 40.Bb3 Bb7 41.Bc2 Bc8 42.Bd3 Bd7 43.Ba6 Ke6
44.Bb7 Kd6 45.Kg3 Bb5 46.Bc8 Bd3 47.Kf4 Bb1 48.a3 Kc6 49.Ba6 Kd6 50.Bb5 Ke6
51.Ke3 Kd6 52.Ba4 Ke6 53.Bb3 Kd6 54.Kf4 Bd3 55.Ke3 Bb1 56.Ba4 Ke6 57.Bb5 Kd6
58.Kf4 Ke6 59.h4 Kf6 60.Bc6 Ba2 61.Bd7 Bb1 62.Ke3 Ba2 63.Bc8 Bc4 64.g3 Ba2
65.Bd7 Bb1 66.Bb5 Ke6 67.Ba6 Kd6 68.Be2 Ke6 69.Bd1 Kd6 70.Bb3 Ke6 71.Kf4 Bd3
72.Ba2 Bc2 73.Ke3 Kd6 74.f4 Be4 75.Kd2 Kc6 76.Kc3 Kb5 77.Bb3 f6 78.Bd1 Kb6
79.Be2 Kc6 80.Kd2 Kd6 81.Ke3 Ke7 82.Bh5 Ke6 83.Bg6 Ke7 84.Kf2 Kf8 85.Bh5 Ke7
86.Kg1 Kf8 87.Kf2 Ke7 88.Kg1 Kf8 89.Kf2 Ke7 90.Kg1  1/2-1/2

[Event "TCh-CHN 2012"]
[Site "Tianjin CHN"]
[Date "2012.07.13"]
[Round "9"]
[White "Ma,Zhonghan"]
[Black "Yang Kaiqi"]
[Result "0-1"]
[WhiteElo "2369"]
[BlackElo "2360"]

1.d4 d5 2.c4 c6 3.Nf3 Nf6 4.Nc3 e6 5.e3 Nbd7 6.Qc2 Bd6 7.e4 Nxe4 8.Nxe4 dxe4
9.Qxe4 c5 10.Bg5 Nf6 11.Qc2 cxd4 12.O-O-O e5 13.Nxe5 Qa5 14.Nf3 Qxa2 15.Nxd4 O-O
16.Qb3 Qa5 17.Bxf6 gxf6 18.Bd3 Bg4 19.f3 Bd7 20.Nb5 Be5 21.f4 Bxf4+ 22.Kb1 Bg4
23.Rhf1 Be5 24.Bc2 Rfd8 25.Rxd8+ Rxd8 26.Nc3 Bxc3 27.Qxc3 Qxc3 28.bxc3 Kg7
29.Be4 Kg8 30.Bc2 Kg7 31.Be4 Be6 32.Kc2 b6 33.Ra1 Rd7 34.Bc6 Rd6 35.Be4 f5
36.Bf3 Rd7 37.Bc6 Rc7 38.Bd5 Kf6 39.Kd3 Ke5 40.Re1+ Kd6 41.Kd4 Rc5 42.Bxe6 fxe6
43.Re3 Rc7 44.Kd3 a5 45.Rh3 a4 46.Kc2 Kc5 47.Rh6 Re7 48.Rh4 e5 49.Rh5 Kxc4
50.Rxf5 e4 51.Rf6 e3 52.Rf4+ Kc5 53.Rf5+ Kc4 54.Rf4+ Kd5 55.Rd4+ Kc5 56.Kd1 e2+
57.Ke1 b5 58.Rb4 a3 59.Rb1 Kc4 60.Rb4+ Kc5 61.Rb1 Re3 62.Rb3 Kc4 63.Rxa3 b4
64.Ra7 Kxc3 65.Rxh7 b3 66.Rc7+ Kd3 67.Rd7+ Kc2 68.Rc7+ Kb1 69.h4 b2 70.g4 Ka2
71.Ra7+ Kb3 72.Rb7+ Kc2  0-1

[Event "ACP Golden Classic"]
[Site "Amsterdam NED"]
[Date "2012.07.14"]
[Round "1"]
[White "Sasikiran,K"]
[Black "Muzychuk,A"]
[Result "0-1"]
[WhiteElo "2707"]
[BlackElo "2606"]

1.d4 d5 2.c4 c6 3.Nf3 Nf6 4.Nc3 e6 5.e3 Nbd7 6.Qc2 Bd6 7.Bd3 O-O 8.O-O dxc4
9.Bxc4 b5 10.Bd3 Bb7 11.a3 a5 12.e4 e5 13.Rd1 Qc7 14.h3 Rfd8 15.Bg5 h6 16.Be3 exd4
17.Nxd4 Ne5 18.Bf1 Ng6 19.Nf5 Bh2+ 20.Kh1 Be5 21.Rac1 Rxd1 22.Nxd1 Rd8 23.Nc3 Qb8
24.Bb6 Bc7 25.Be3 Bf4 26.a4 Qe5 27.Re1 b4 28.Bxf4 Qxf4 29.Nd1 Rd2 30.Qc1 c5
31.f3 Ne5 32.Be2 Bxe4 33.fxe4 Nxe4 34.Rf1 Qg5 35.h4 Qd8 36.Ba6 Rxd1 37.Rxd1 Qxd1+
38.Qxd1 Nf2+ 39.Kg1 Nxd1 40.b3 c4  0-1

[Event "Helmut-Kohls-Turnier 2012"]
[Site "Dortmund GER"]
[Date "2012.07.14"]
[Round "1"]
[White "Bluebaum,M"]
[Black "Andersen,Mad"]
[Result "1-0"]
[WhiteElo "2431"]
[BlackElo "2459"]

1.d4 d5 2.c4 c6 3.Nc3 Nf6 4.e3 e6 5.Nf3 a6 6.Qc2 c5 7.cxd5 exd5 8.Be2 Be6
9.O-O Nc6 10.Rd1 Nb4 11.Qb1 Qc8 12.Bd2 Bf5 13.Qc1 Nc2 14.Rb1 Nb4 15.Ra1 Nc2
16.Rb1 Nb4 17.a3 cxd4 18.Na4 Bxb1 19.Qxb1 Qc6 20.b3 d3 21.Rc1 dxe2 22.Rxc6 Nxc6
23.b4 Be7 24.Nb6 Rd8 25.Qd3 O-O 26.Qxe2 Ne4 27.Qd3 Nxd2 28.Qxd2 d4 29.e4 Bd6
30.g3 Rfe8 31.Qd3 Ne7 32.Qc4 Ng6 33.Qd3 Bb8 34.Nd5 Ne7 35.Qxd4 Nxd5 36.exd5 Rd7
37.Kg2 Bc7 38.Qc5 Bd8 39.Qc8 Ree7 40.Qc5 h6 41.Qd4 Rd6 42.Qc5 Bc7 43.Nd4 g6
44.Nc2 Red7 45.Ne3 h5 46.a4 Kh7 47.Qc3 b5 48.a5 Bb8 49.Qc8 Ba7 50.Nf1 Rxd5
51.Qxa6 Rc7 52.f4 Kg7 53.Kh3 Bd4 54.Qa8 Rdd7 55.Qb8 Rb7 56.Qc8 Rdc7 57.Qe8 Re7
58.Qc6 Rec7 59.Qe8 Re7 60.Qc6 Rec7 61.Qe4 Bc3 62.Ne3 Bf6 63.Qf3 Rb8 64.Nd5 Rc4
65.Nxf6 Kxf6 66.Qd5 Re8 67.Qxb5 Rcc8 68.a6 Kg7 69.a7 Ra8 70.Qb7 Red8 71.b5 Kh6
72.Qxf7 Rd2 73.Qf6 Rc8 74.b6 Kh7 75.f5  1-0

[Event "Sparkassen Open A"]
[Site "Dortmund GER"]
[Date "2012.07.14"]
[Round "1.14"]
[White "Rohovoy,Dmitrij"]
[Black "Kartsev,A2"]
[Result "0-1"]
[WhiteElo "1969"]
[BlackElo "2208"]

1.d4 d5 2.c4 c6 3.Nc3 Nf6 4.e3 e6 5.Nf3 Nbd7 6.Qc2 Be7 7.Bd3 dxc4 8.Bxc4 b5
9.Bd3 Bb7 10.O-O Rc8 11.Rd1 a6 12.a3 c5 13.Qe2 O-O 14.Ne5 Qb6 15.Nxd7 Nxd7
16.Ne4 Qc6 17.f3 c4 18.Bc2 e5 19.Ng3 g6 20.Bd2 exd4 21.exd4 Rfe8 22.Be3 Nf6
23.Qd2 c3 24.bxc3 Qxc3 25.Be4 Nxe4 26.fxe4 Bxa3 27.Rxa3 Qxa3 28.d5 Bxd5 29.Bh6 Bb3
30.Rf1 Rc2 31.Qf4 Qb2 32.Nf5 Rxg2+ 33.Kh1 gxf5  0-1

[Event "Turkish Bank Chess League 2012"]
[Site "Konya TUR"]
[Date "2012.07.14"]
[Round "4"]
[White "Gagunashvili,M"]
[Black "Galkin,A"]
[Result "1/2-1/2"]
[WhiteElo "2578"]
[BlackElo "2615"]

1.d4 d5 2.c4 c6 3.Nc3 Nf6 4.e3 e6 5.Nf3 Nbd7 6.Bd3 b6 7.O-O Bb7 8.e4 dxe4
9.Nxe4 Be7 10.Bf4 O-O 11.Qe2 c5 12.Rad1 cxd4 13.Bb1 Nxe4 14.Bxe4 Bxe4 15.Qxe4 Nc5
16.Qxd4 Qxd4 17.Nxd4 Bf6 18.Be3 Rfd8 19.b3 Bxd4 20.Bxd4 f6 21.f4 Kf7 22.Kf2 h5
23.Ke3 Nb7 24.Bb2 Nd6 25.Kf3 Nf5 26.g3 Rac8 27.h3 Ne7 28.g4 hxg4+ 29.hxg4 Nc6
30.Bc3 Nb8 31.Bb2  1/2-1/2

[Event "6th LCT GpA 2012"]
[Site "Leiden NED"]
[Date "2012.07.14"]
[Round "7.6"]
[White "De Jong,JW"]
[Black "Horvath,Cs1"]
[Result "1/2-1/2"]
[WhiteElo "2429"]
[BlackElo "2507"]

1.d4 d5 2.c4 c6 3.Nc3 Nf6 4.e3 e6 5.Nf3 Nbd7 6.Qc2 Bd6 7.Bd3 dxc4 8.Bxc4 b5
9.Bd3 Bb7 10.O-O O-O 11.e4 e5 12.dxe5 Nxe5 13.Nxe5 Bxe5 14.h3 Re8 15.Be3 a6
16.Rfd1 Qe7 17.a4 Rac8 18.f3 Nh5 19.Qf2 Bg3 20.Qf1  1/2-1/2

[Event "4th Rethymno Open"]
[Site "Rethymno GRE"]
[Date "2012.07.14"]
[Round "9.11"]
[White "Kharitonov,Alexandr"]
[Black "Nadig,K"]
[Result "1-0"]
[WhiteElo "2538"]
[BlackElo "2206"]

1.Nf3 Nf6 2.c4 c6 3.Nc3 d5 4.e3 e6 5.d4 Nbd7 6.Qc2 Bd6 7.Bd3 O-O 8.O-O dxc4
9.Bxc4 b5 10.Bd3 Bb7 11.Rd1 Qc7 12.Bd2 h6 13.Rac1 Rac8 14.b4 e5 15.dxe5 Nxe5
16.Nxe5 Bxe5 17.h3 Qe7 18.Ne4 Nxe4 19.Bxe4 Bd6 20.Bh7+ Kh8 21.Bf5 Rc7 22.Qe4 Bc8
23.Bc3 Bxf5 24.Qxf5 f6 25.a3 c5 26.Rb1 a6 27.Rd5 cxb4 28.Bxb4 Bxb4 29.axb4 Re8
30.Rd4 Qe6 31.Qg6 Rc4 32.Rbd1 Rxd4 33.Rxd4 Rc8 34.Kh2 Qe5+ 35.g3 Qe8 36.Qd3 Qc6
37.Qf5 Re8 38.h4 Qe6 39.Qd3 Rc8 40.Qg6 Qe8 41.Qd3 Qe6 42.Rd5 Qc6 43.Qf5 Re8
44.h5 Qe6 45.Qxe6 Rxe6 46.g4 Kg8 47.Kg3 Kf7 48.Rd7+ Kg8 49.Kf4 Rc6 50.Kf5 Kh7
51.f4 Rc3 52.Re7 Rb3 53.Re4 Ra3 54.Ke6 Rd3 55.Kf7 Rd1 56.Re6 Rd3 57.Re7 Rd1
58.Ra7 Rd3 59.Re7 Rd1 60.e4 Rg1 61.e5 fxe5 62.fxe5 Rxg4 63.Kf8 Kh8 64.e6 Re4
65.Rxg7 Rf4+ 66.Rf7 Rg4 67.Rf5 Rg8+ 68.Kf7 Rg7+ 69.Kf6 Kg8 70.e7 Rf7+ 71.Ke6 Rxf5
72.e8=Q+  1-0

[Event "Helmut-Kohls-Turnier 2012"]
[Site "Dortmund GER"]
[Date "2012.07.15"]
[Round "2"]
[White "Becker,Marce"]
[Black "Poetsch,H"]
[Result "0-1"]
[WhiteElo "2427"]
[BlackElo "2436"]

1.d4 d5 2.c4 c6 3.Nf3 Nf6 4.Nc3 e6 5.e3 Nbd7 6.Bd3 dxc4 7.Bxc4 b5 8.Bd3 Bb7
9.O-O a6 10.e4 c5 11.d5 Qc7 12.Bc2 Bd6 13.dxe6 fxe6 14.Ng5 Nf8 15.f4 O-O-O
16.Qe1 e5 17.a4 b4 18.Nd5 Nxd5 19.exd5 exf4 20.Bf5+ Kb8 21.Be6 Re8 22.Nf7 Nxe6
23.dxe6 Rhf8 24.Qf2 g5 25.Nxg5 Rg8 26.Nf3 Rxe6  0-1

[Event "ch-SUI Hauptturnier 1 2012"]
[Site "Flims SUI"]
[Date "2012.07.15"]
[Round "4"]
[White "Rindlisbacher,J"]
[Black "Botta,Ga"]
[Result "0-1"]
[WhiteElo "2204"]
[BlackElo "2334"]

1.d4 d5 2.c4 c6 3.Nc3 Nf6 4.Nf3 e6 5.e3 Nbd7 6.Qc2 Bd6 7.g4 h6 8.Bd2 dxc4
9.Bxc4 b5 10.Bd3 Bb7 11.e4 b4 12.Na4 c5 13.Nxc5 Bxc5 14.dxc5 Nxc5 15.Bb5+ Ncd7
16.Ne5 Bxe4 17.Bxd7+ Qxd7 18.Nxd7 Bxc2 19.Nxf6+ gxf6 20.Bxb4 Rg8 21.f3 Ba4
22.Kf2 Rb8 23.Rac1 h5 24.b3 Bd7 25.Rc4 hxg4 26.fxg4 e5 27.Bc5 Rxg4 28.Rxg4 Bxg4
29.Rg1 Rc8 30.b4 f5 31.h3 Bxh3 32.Rg8+ Kd7 33.Rxc8 Kxc8 34.Bxa7 Kb7 35.Bc5 Kc6
36.a4 f4 37.a5 Bc8 38.Be7 Ba6 39.Bf6 Kd5 40.Kf3 Ke6 41.Bd8 Kf5 42.Bb6 e4+
43.Kf2 Kg4  0-1

[Event "Turkish Bank Chess League 2012"]
[Site "Konya TUR"]
[Date "2012.07.15"]
[Round "5"]
[White "Firat,Deniz"]
[Black "Sahin,Handenur"]
[Result "0-1"]
[WhiteElo "1657"]
[BlackElo "1731"]

1.d4 d5 2.c4 c6 3.Nf3 Nf6 4.Nc3 e6 5.e3 Nbd7 6.Bd3 Bd6 7.O-O O-O 8.Qe2 dxc4
9.Bxc4 b5 10.Bd3 a6 11.e4 e5 12.dxe5 Nxe5 13.Nxe5 Bxe5 14.f3 Re8 15.Be3 Qc7
16.g4 Bf4 17.Rfe1 h5 18.h3 Bxe3+ 19.Qxe3 Qg3+ 20.Kf1 Qxh3+ 21.Ke2 Qg2+ 22.Qf2 Qxf2+
23.Kxf2 hxg4 24.f4 Nh5 25.f5 g6 26.Rh1 Nf4 27.Bb1 b4 28.Na4 gxf5 29.exf5 Re5
30.Kg3 Nd5 31.Kxg4 Kg7 32.Bd3 Ra7 33.Rag1 Rc7 34.Rc1 Ne7 35.Rcf1 Rd5 36.Bc2 Rd2
37.Bb1 Rd4+ 38.Kh5 Kf6 39.Nc5 Rd5 40.Ne4+ Kg7 41.Rfg1+ Ng6 42.Nd6 Rxd6 43.fxg6 Rd5+
44.Kh4 Rd4+ 45.Kh5 Rd5+ 46.Rg5 fxg6+ 47.Bxg6 Re7 48.Rg1 Rxg5+ 49.Rxg5 Kf6
50.Rg2 Re5+ 51.Kh6 Re3 52.Rf2+ Ke5 53.Rf8 Be6 54.Re8 Rh3+ 55.Kg7 Kd6 56.Rd8+ Kc7
57.Ra8 Kb7 58.Rd8 Bxa2 59.Be4 Re3 60.Bh1 Bc4 61.Rd6 Bb5 62.Rd2 Re2 63.Rxe2 Bxe2
64.Kf6 Kb6 65.Ke5 Kc5 66.Ke4 Bc4 67.Ke3 Bd5 68.Bxd5 Kxd5 69.Kd3 c5 70.b3 a5
71.Kc2 Ke4 72.Kd2 Kd4  0-1

[Event "Turkish Bank Chess League 2012"]
[Site "Konya TUR"]
[Date "2012.07.15"]
[Round "5"]
[White "Deruni,B"]
[Black "Demir,Z"]
[Result "1-0"]
[WhiteElo "2123"]
[BlackElo "1926"]

1.Nf3 d5 2.d4 Nf6 3.c4 c6 4.Nc3 e6 5.e3 Nbd7 6.Qc2 Bd6 7.Bd3 O-O 8.O-O dxc4
9.Bxc4 e5 10.h3 Qe7 11.Bb3 a6 12.Rd1 c5 13.dxe5 Nxe5 14.Nxe5 Qxe5 15.f4 Qe7
16.Nd5 Nxd5 17.Bxd5 Be6 18.Bf3 Rad8 19.e4 c4 20.Be3 Bc5 21.Qf2 Bxe3 22.Qxe3 b5
23.e5 Bf5 24.Be4 Bxe4 25.Qxe4 Rd7 26.Rxd7 Qxd7 27.f5 Rd8 28.Kh1 Qd4 29.Qe2 Qd2
30.Re1 Qxe2 31.Rxe2 b4 32.Rc2 Rc8 33.Kh2 Kf8 34.Kg3 Ke7 35.Kf4 h5 36.Ke4 a5
37.Kd4 g6 38.fxg6 fxg6 39.Rxc4 Rd8+ 40.Ke3 Rd5 41.Rc7+ Ke6 42.Rc6+ Kf5 43.Rf6+ Kg5
44.h4+ Kxh4 45.Ke4 Rd2 46.e6 Kg5 47.Rf3 Re2+ 48.Kd5 Rxg2 49.Re3 Rd2+ 50.Kc6 Rd8
51.e7 Re8 52.Kd7 Rxe7+ 53.Kxe7 h4 54.Re1 h3 55.Ke6 Kf4 56.Kf6 g5 57.Rf1+ Kg3
58.Kxg5 Kg2 59.Rd1 h2 60.Kf4 h1=Q 61.Rxh1 Kxh1 62.Ke4 Kg2 63.Kd4 Kf2 64.Kc4 Ke2
65.Kd5  1-0

[Event "Turkish Bank Chess League 2012"]
[Site "Konya TUR"]
[Date "2012.07.15"]
[Round "5"]
[White "Kazimova,N"]
[Black "Paikidze,N"]
[Result "1/2-1/2"]
[WhiteElo "2198"]
[BlackElo "2381"]

1.Nf3 d5 2.d4 Nf6 3.c4 e6 4.Nc3 c6 5.e3 Nbd7 6.Qc2 Bd6 7.g4 Bb4 8.Bd2 Qe7
9.Bd3 Bxc3 10.Bxc3 dxc4 11.Bxc4 b5 12.Bd3 Bb7 13.e4 Nxe4 14.Bxe4 f5 15.Bd3 c5
16.Be2 fxg4 17.dxc5 O-O 18.Rg1 Bxf3 19.Bxf3 Rxf3 20.Rxg4 Nf6 21.Rg5 h6 22.Rg2 Rd8
23.Rd1 Rf4 24.Rxd8+ Qxd8 25.Qd2 Qxd2+ 26.Kxd2 Kf7 27.b4 g5 28.Bxf6 Kxf6 29.Kc3 Ke5
30.Rg3 Rxf2 31.Re3+ Kf6 32.Rh3 Rxa2 33.Rxh6+ Ke5 34.Rg6 Ra3+ 35.Kb2 Rh3 36.Rxg5+ Kf6
37.Rg2 Rh4 38.Kb3 Rh3+ 39.Kb2 Rh4 40.Kb3 Rh3+ 41.Kb2 Ke5  1/2-1/2

[Event "20th Metropolitan IM"]
[Site "Los Angeles USA"]
[Date "2012.07.15"]
[Round "9"]
[White "Manukian,G"]
[Black "Sainz Aguirre,Ignacio"]
[Result "1/2-1/2"]
[WhiteElo "2276"]
[BlackElo "1985"]

1.d4 e6 2.Nf3 d5 3.c4 c6 4.e3 Nf6 5.Nc3 Nbd7 6.Bd3 dxc4 7.Bxc4 b5 8.Bd3 a6
9.a4 Bb7 10.O-O Be7 11.Ne2 O-O 12.Ng3 Nb6 13.b3 Nbd5 14.Bd2 Nb4 15.Be2 bxa4
16.bxa4 c5 17.a5 Ne4 18.Nxe4 Bxe4 19.dxc5 Bxc5 20.Bxb4  1/2-1/2

[Event "ACP Golden Classic"]
[Site "Amsterdam NED"]
[Date "2012.07.16"]
[Round "3"]
[White "Sasikiran,K"]
[Black "Le Quang Liem"]
[Result "0-1"]
[WhiteElo "2707"]
[BlackElo "2693"]

1.d4 d5 2.c4 c6 3.Nf3 Nf6 4.Nc3 e6 5.e3 Nbd7 6.Qc2 b6 7.Bd3 Bb7 8.O-O Be7
9.Re1 O-O 10.e4 dxe4 11.Bxe4 Nxe4 12.Qxe4 Nf6 13.Qe2 Qc7 14.Bg5 h6 15.Bh4 Rad8
16.Rac1 Rfe8 17.c5 bxc5 18.dxc5 Bxc5 19.Ne4 Be7 20.Bxf6 gxf6 21.Qe3 Kg7 22.Qxa7 Rd5
23.Qe3 c5 24.b4 c4 25.Qe2 Rc8 26.a3 Qf4 27.Rc3 f5 28.Ng3 Kh7 29.h3 Qd6 30.Nh5 Rd3
31.Rxd3 cxd3 32.Qe3 Bxf3 33.gxf3 Rg8+ 34.Kh1 Bg5 35.f4 Qd5+ 36.f3 Bh4 37.Rd1 Qa2
38.Rd2 Qb1+ 39.Kh2 Qf1 40.b5 Kg6 41.Ng3 Bxg3+  0-1

[Event "ch-MNE 2012"]
[Site "Cetinje MNE"]
[Date "2012.07.16"]
[Round "9.6"]
[White "Blagojevic,Dr"]
[Black "Kalezic,B"]
[Result "1/2-1/2"]
[WhiteElo "2510"]
[BlackElo "2439"]

1.d4 d5 2.c4 c6 3.Nc3 Nf6 4.e3 e6 5.Nf3 Nbd7 6.Qc2 Bd6 7.b3 O-O 8.Be2 dxc4
9.bxc4 e5 10.O-O Qe7 11.Rd1 Re8 12.Rb1 e4 13.Nd2 b6 14.h3 Nf8 15.c5 bxc5
16.Nc4 cxd4 17.Rxd4 Bc5 18.Rd1 N8d7 19.Na4 Ba6  1/2-1/2

[Event "Corporation Centre Cup A"]
[Site "Izhevsk RUS"]
[Date "2012.07.16"]
[Round "2"]
[White "Vasilov,A"]
[Black "Savchuk,V"]
[Result "1-0"]
[WhiteElo "2250"]
[BlackElo "2097"]

1.d4 d5 2.c4 c6 3.Nf3 Nf6 4.Nc3 e6 5.e3 Nbd7 6.Qc2 Bd6 7.b3 b6 8.Be2 Bb7
9.O-O O-O 10.Bb2 Qe7 11.Rfe1 Rac8 12.Rad1 Rfd8 13.e4 dxe4 14.Nxe4 Nxe4 15.Qxe4 f5
16.Qc2 c5 17.d5 exd5 18.Bd3 Qf7 19.Bxf5 Qh5 20.Be6+ Kh8 21.Bxd5 Bc6 22.Bxc6 Rxc6
23.Qe4 Rdc8 24.Rd5 Qh6 25.Qh4 Qxh4 26.Nxh4 Nf6 27.Bxf6 gxf6 28.Nf5 Bf8 29.Rd7 R6c7
30.Rxc7 Rxc7 31.Re8 Kg8 32.Rd8 Kf7 33.g4 b5 34.cxb5 c4 35.bxc4 Rxc4 36.Rd4 Rc2
37.a4 Bc5 38.Rf4 Kg6 39.h4 h5 40.gxh5+ Kxh5 41.Ng3+ Kg6 42.h5+ Kg7 43.Kg2 Ra2
44.Ne4 Be7 45.Rg4+ Kh7 46.Nc3 Rd2 47.a5 Kh6 48.b6 axb6 49.a6 b5 50.a7 Rd8
51.Nxb5 Ra8 52.Kf3 Kxh5 53.Rg7 Bc5 54.Rf7 Bf8 55.Rb7 Bc5 56.Rb8 Rxa7 57.Nxa7 Bxa7
58.Rg8 Bb6 59.Rg2 Bc7 60.Ke4 Kh6 61.Kf5 Be5 62.f4 Bd4 63.Rg6+ Kh7 64.Rxf6 Kg7
65.Rd6 Bc3 66.Rd7+ Kf8 67.Rb7 Bd4 68.Ke6  1-0